| 000 | 00287nam a2200109Ia 4500 | ||
|---|---|---|---|
| 008 | 220623s9999 xx 000 0 und d | ||
| 020 | _a9780737747898 | ||
| 082 | _aR616.772 LUPU | ||
| 100 | _aNO AUTHOR EDITORS ONLY | ||
| 245 | 0 | _aPERSPECTIVES ON DEASEASES &DISORDERS LUPUS | |
| 942 |
_cBK _w561 _xJohn Tresidder _y561 _zJohn Tresidder |
||
| 999 |
_c677967 _d677966 |
||